000
00324nam a2200133Ia 4500
008
150201s2003 xx 000 0 und d
082
_a
616.5
_b
R03M
100
_a
MARKS,R
245
_a
ROXBURGH'S COMMON SKIN DISEASES
250
_a
17TH
260
_b
JAYPEE BROTHERS
_a
DELHI
_c
2003
650
_a
DERMATOLOGY
942
_2
ddc
_c
BK
999
_c
1021
_d
1021